Séries diffusées sur Gulli - Années 2010 - Statistiques

Statistiques générales
  • Ce quiz a été pris 152 fois
  • Le résultat moyen est 6 sur 16
Statistiques - réponses
Par images Réponse % Correct
Power Rangers
90%
Chica Vampiro
79%
Les Thunderman
70%
Victorious
56%
iCarly
54%
Yo soy Franky
54%
Big Time Rush
46%
Merlin
46%
Clem
42%
Kally's Mashup
31%
Ma baby-sitter est un vampire
31%
Ma sorcière bien-aimée
21%
Rock Academy
13%
Projet Mc2
8%
Maggie & Bianca
6%
Sorcières mais pas trop
0%
Aucun quiz correspondant
Distribution des résultats
% des personnes avec chaque résultat
Percentile par nombre de réponses
Votre historique - résultats
Vous n’avez pas pris ce quiz